00000000nam 2200000zi 4500
0019.941705
003CaOODSP
00520241003103748
006m     o  d f      
007cr cn ||||||||
008240809t20242024quc     o    f000 0 eng d
020 |a9780660731001
040 |aCaOODSP|beng|erda|cCaOODSP
043 |an-cn---
0861 |aEm4-46/2024E-PDF
24500|aCanada Education Savings Program (CESP) : |bdata interface operations and connectivity.
250 |aVersion number: 7.0.
264 1|a[Gatineau, Québec] : |bEmployment and Social Development Canada = Emploi et Développement social Canada, |c2024.
264 4|c©2024
300 |a1 online resource (9 pages)
336 |atext|btxt|2rdacontent
337 |acomputer|bc|2rdamedia
338 |aonline resource|bcr|2rdacarrier
500 |aIssued also in French under title: Programmes canadiens d’épargne-études (PCEE) : opérations et connectivité de l'interface des données.
500 |a"Version date: November 24, 2016."
500 |a"Latest update: July 17, 2024."
61020|aCanada Education Savings Program.
650 0|aEducation savings accounts|zCanada|xData processing.
650 0|aPostsecondary education|xEconomic aspects|zCanada.
7101 |aCanada. |bEmployment and Social Development Canada, |eissuing body.
77508|tProgrammes canadiens d’épargne-études (PCEE) : |w(CaOODSP)9.941704
85640|qPDF|s328 KB|uhttps://publications.gc.ca/collections/collection_2024/edsc-esdc/Em4-46-2024-eng.pdf
8564 |qHTML|sN/A|uhttps://www.canada.ca/en/employment-social-development/services/student-financial-aid/education-savings/resp/resp-promoters/data-operations.html